The challenges faced by Zambia Revenue Authority in collecting taxes from SME's: a case of Lusaka city. (Record no. 37015)

MARC details
000 -LEADER
fixed length control field 00795nam a2200181 a 4500
008 - FIXED-LENGTH DATA ELEMENTS--GENERAL INFORMATION
fixed length control field 160915s2015 ||||||||||||||||| || u
050 ## - LIBRARY OF CONGRESS CALL NUMBER
Classification number CBU-PG THESIS/ZUL
100 ## - MAIN ENTRY--PERSONAL NAME
Personal name Zulu, Beatrice
245 14 - TITLE STATEMENT
Title The challenges faced by Zambia Revenue Authority in collecting taxes from SME's: a case of Lusaka city.
Statement of responsibility, etc. by Beatrice Zulu
260 ## - PUBLICATION, DISTRIBUTION, ETC.
Place of publication, distribution, etc. Kitwe
Name of publisher, distributor, etc. Copperbelt University
Date of publication, distribution, etc. 2015
300 ## - PHYSICAL DESCRIPTION
Extent xii, 65p.: ill.
500 ## - GENERAL NOTE
General note Bibliography
650 ## - SUBJECT ADDED ENTRY--TOPICAL TERM
Topical term or geographic name entry element TAX REVENUE COLLECTION--ZAMBIA REVENUE AUTHORITY
650 ## - SUBJECT ADDED ENTRY--TOPICAL TERM
Topical term or geographic name entry element SMALL BUSINESS--TAX REVENUE COLLECTION--ZAMBIA
650 ## - SUBJECT ADDED ENTRY--TOPICAL TERM
Topical term or geographic name entry element SMALL BUSINESS--GOVERNMENT POLICY--ZAMBIA
650 ## - SUBJECT ADDED ENTRY--TOPICAL TERM
Topical term or geographic name entry element TAX COLLECTION--ZAMBIA
995 ## - RECOMMENDATION 995 [LOCAL, UNIMARC FRANCE]
-- CBU-MAIN LIBRARY (Kitwe)
-- 1
-- AVAILABLE
-- Sep 15, 2016
-- University Collection
Holdings
Withdrawn status Lost status Source of classification or shelving scheme Damaged status Not for loan Home library Current library Shelving location Date acquired Total Checkouts Full call number Barcode Date last seen Price effective from Koha item type
          CBU-MAIN LIBRARY, KITWE. CBU-MAIN LIBRARY, KITWE.   11/30/2022   CBU-PG THESIS/ZUL B2332 11/30/2022 11/30/2022 MONOGRAPH